| 000 | 005900000a22001930004500 | ||
|---|---|---|---|
| 020 | _a0-687-30291-9 | ||
| 041 | 0 | _aENG | |
| 082 | 0 | 4 | _aG 259 H915p |
| 100 | 1 | _aHulme, William E. | |
| 245 | 1 | 0 | _aThe pastoral care of families : Its theology and practice / William E. Hulme |
| 260 | _aNashville, TN., USA : Abingdon | ||
| 300 | _a208 Pag | ||
| 650 | 1 | 4 | _aTEOLOGIA PRACTICA \ CONSEJERIA PASTORAL \ FAMILIA CRISTIANA \ PSICOTERAPIA FAMILIAR |
| 001 | 8947 | ||
| 942 | _cBK | ||
| 999 |
_c39041 _d39041 |
||
| 336 |
_atexto _btxt _2rdacontent |
||
| 337 |
_2rdamedia _asin mediación _bn |
||
| 338 |
_2rdacarrier _avolumen _bnc |
||